000 00665nam a22001577a 4500
003 OSt
005 20151216150552.0
008 151216b xxu||||| |||| 00| 0 eng d
040 _cRUA
082 _aATM OUK 2001 B192 Or.1
100 _94941
_aOUK, VANNRITH.
245 _aIrrigation system project water resource from slakou river basin in takeo province, គំរោងបង្កើតប្រព័ន្ធធារាសាស្រ្តស្រោចស្រពមានប្រភពទឹកពីស្ទឹងស្លាគូ ខេត្តតាកែវ
260 _aPhnom Penh
_bRUA
_c2001
300 _a53p.
_bill.
_c29cm.
942 _2ddc
_cATM
999 _c4590
_d4590